000 00704nam a2200253Ia 4500
003 OSt
005 20220918163803.0
006 a|||||r|||| 00| 0
007 ta
008 220917b |||||||| |||| 00| 0 eng d
020 _a0300005245
024 _a34,874
037 _cTextual
040 _aARTS
_cARTS
_beng
041 _2eng
_aeng
082 _aO122,2:g(NT), 111K1;K7
100 _aGuicharnaud J
_915385
245 0 _aModern French theatre
_b From Giraudoux to Genet
260 _aLondon
_bYale Uni. Press UK
_c1967
300 _a383p.
_ccm.
650 _aENGLISH LITERATURE
942 _hO122,2:g(NT), 111K1;K7
_cTEXL
_2CC
999 _c121543
_d121543